38 Babynamen der Woche 21/25' - Statistiken

Allgemein
  • Dieses Quiz wurde 6 mal gespielt
  • Das Durchschnittsergebnis liegt bei 16 aus 38
Antwortstatistiken
📍 Vorname % Korrekt
C.t.r..a ♀️ Catarina
100%
C.a.l.t.e ♀️ Charlotte
100%
El.s.b..h ♀️ Elisabeth
100%
K.r..a ♀️ Karina
100%
Ar.l..a ♀️ Arilena
80%
B.n..t ♂️ Benett
80%
E.i.a ♀️ Elina
80%
L.o ♂️ Leo
80%
A. ♂️ Ad
60%
B. ♂️ Bo
60%
D.y..a ♀️ Dayana
60%
F.i.d.l ♂️ Friedel
60%
J.s.n ♂️ Jason
60%
Ma.g.t ♀️ Margot
60%
O.e ♂️ Ole
60%
V.r.n..a ♀️ Veronika
60%
E.i ♀️ Edi
40%
E.t.l.a ♀️ Estella
40%
M.l.k ♂️ Malik
40%
M.r..a ♀️ Marina
40%
P.i.c.l.a ♀️ Priscilla
40%
Q.i.n ♀️ Quinn
40%
S.f.a ♀️ Sofia
40%
T.b.r ♂️ Tibor
40%
A.r.l.a.o ♂️ Aureliano
20%
Be.a ♂️ Bela
20%
Lo.i.a ♀️ Louisa
20%
L.i.a ♀️ Luiza
20%
An.a.a ♀️ Aniara
0%
As.l.y ♀️ Ashley
0%
Ho.e ♀️ Hope
0%
K.o.a ♀️ Kaona
0%
Li.a ♀️ Lila
0%
L.n.a ♀️ Linda
0%
M.r..a ♀️ Morena
0%
Na.a ♀️ Nada
0%
Ra.s ♂️ Rais
0%
Sk.l.r ♀️ Skylar
0%
Keine übereinstimmenden Quizze gefunden
Verteilung der Resultate
Anzahl Personen mit jedem Resultat
Perzentil nach korrekt beantworteten Fragen
Ihre Resultats-Entwicklung
Sie haben dieses Quiz noch nicht gespielt